| 000 | 00724nam a2200229 i 4500 | ||
|---|---|---|---|
| 001 | 183929 | ||
| 003 | ES-MaACL | ||
| 005 | 20230906222014.0 | ||
| 008 | 141201s1966 sp |||| | spa d | ||
| 080 | _a946.522 Casbas "11/12"(093.2) | ||
| 245 | 0 | 0 |
_aDocumentos de Casbas / _cpor Agustín Ubieto. |
| 260 |
_aValencia : _bAnubar, _c1966. |
||
| 300 |
_a176 p. ; _c22 cm. |
||
| 490 | 1 |
_aTextos medievales ; _v21 |
|
| 500 | _aÍndices. | ||
| 610 | 2 | 7 |
_aMonasterio Cisterciense de Casbas. _9156000 |
| 651 | 7 |
_aHuesca (Provincia)- _xHistoria. _9139482 |
|
| 700 | 1 |
_aUbieto Arteta, Agustín. _9111842 |
|
| 830 | 0 |
_aTextos medievales ; _v21 _9179970 |
|
| 852 |
_aES-MaACL _jE-15437 _z- enc. tela |
||
| 999 |
_c183929 _d183929 |
||